Statystyki dla Quiz o Hiszpanii

Kliknij tutaj aby rozwiązać quiz!

Ogólne statystyki

  • Ten quiz został rozwiązany 10 722 razy
  • Średni wynik to 13 z 28

Statystyki odpowiedzi

WskazówkaOdpowiedź% Poprawnych
StolicaMadryt
100%
Drugie najbardziej zaludnione miastoBarcelona
97%
Państwa graniczącePortugalia
85%
Państwa granicząceFrancja
84%
Region, w którym leży to miastoKatalonia
83%
Półwysep Hiszpanii i PortugaliiIberyjski
80%
Państwa granicząceAndora
78%
Nazwa kraju po hiszpańskuEspaña
69%
Tradycyjna popołudniowa
drzemka lub odpoczynek
Sjesta
65%
Najwyższa klasa ligowych
rozgrywek piłkarskich
Primera División
61%
Rok, w którym Kolumb odkrył Nowy Świat1492
53%
Pasmo górskie oddzielające Hiszpanię
od jej północnego sąsiada
Pireneje
52%
Najbardziej zaludnione wyspyMajorka
50%
Dyktator rządzący w latach
1939–1975
Francisco Franco
41%
Obecny królFilip VI
36%
Miasto na północy, gdzie można
znaleźć muzeum Guggenheima
Bilbao
30%
Szlachcic z La ManchyDon Kichot
28%
Namalował "Guernicę"Pablo Picasso
28%
Najbardziej zaludnione wyspyTeneryfa
26%
Najbardziej zaludnione wyspyGran Canaria
20%
Zdobywca państwa AztekówHernán Cortés
15%
Miasto słynące z walk bykówPampeluna
15%
Mąż i żona, którzy zjednoczyli HiszpanięIzabela
14%
Zdobywca państwa InkówFrancisco Pizarro
13%
Mąż i żona, którzy zjednoczyli HiszpanięFerdynand
11%
Autor powieści przedstawiającej
jego losy
Miguel de Cervantes
11%
Dawna jednostka walutowaPeseta
9%
Czerwona przyprawa dodawana do paelliSzafran
9%

Rozkład punktacji

Percentyl według liczby udzielonych odpowiedzi

Procent ludzi z każdym wynikiem

Twoja historia wyników

Nie rozwiązałeś tego quizu